| 000 | 00889nam a2200253Ia 4500 | ||
|---|---|---|---|
| 003 | OSt | ||
| 005 | 20220923211035.0 | ||
| 006 | a|||||r|||| 00| 0 | ||
| 007 | ta | ||
| 008 | Pun | ||
| 020 |
_a8171680003 _c995 |
||
| 024 | _a260,392 | ||
| 037 |
_b7830/XII, 31/01/2011, Arsee Publishers _cTextual |
||
| 040 |
_aARTS _cARTS _bPun |
||
| 041 |
_2Pun _aPun |
||
| 082 | _aO153w, P4 | ||
| 100 |
_aਟਿਵਾਣਾ, ਦਲੀਪ ਕੌਰ; ਭੁੱਲਰ, ਜਸਬੀਰ _9157455 |
||
| 245 | 0 | _aਲੋਖਕ ਐਲਬਮ | |
| 260 |
_aਅੰਮ੍ਰਿਤਸਰ _b ਲੋਕ ਸਾਹਿਤ ਪ੍ਰਕਾFਨ _c2004 |
||
| 300 |
_a222ਪੰ _ccm. |
||
| 650 | _aਪੰਜਾਬੀ ਸਾਹਿਤ | ||
| 942 |
_hO153w, P4 _cTEXL _2CC |
||
| 999 |
_c294353 _d294353 |
||